Survival and growth performance of Jathropa curcas L. as affected by diameter and length of cuttings (Record no. 9844)
[ view plain ]
| 000 -LEADER | |
|---|---|
| fixed length control field | 00639nam a22001697a 4500 |
| 003 - CONTROL NUMBER IDENTIFIER | |
| control field | OSt |
| 005 - DATE AND TIME OF LATEST TRANSACTION | |
| control field | 20171010095536.0 |
| 008 - FIXED-LENGTH DATA ELEMENTS--GENERAL INFORMATION | |
| fixed length control field | 121030t xxu||||| |||| 00| 0 eng d |
| 040 ## - CATALOGING SOURCE | |
| Original cataloging agency | MMSU |
| Transcribing agency | ULS |
| 100 ## - MAIN ENTRY--PERSONAL NAME | |
| Personal name | Galamgam, Grachelle B. |
| 9 (RLIN) | 13925 |
| 245 ## - TITLE STATEMENT | |
| Title | Survival and growth performance of Jathropa curcas L. as affected by diameter and length of cuttings |
| Statement of responsibility, etc. | Grachelle B. Galamgam |
| 260 ## - PUBLICATION, DISTRIBUTION, ETC. | |
| Date of publication, distribution, etc. | 2008 |
| 300 ## - PHYSICAL DESCRIPTION | |
| Extent | xiv, 68 leaves |
| Dimensions | 28 cm. |
| 500 ## - GENERAL NOTE | |
| General note | Thesis (BS Forestry) -- Mariano Marcos State University-College of Agriculture, Food and Sustainable Development, Batac City |
| 504 ## - BIBLIOGRAPHY, ETC. NOTE | |
| Bibliography, etc. note | Bibliography: leaves 48-49 |
| 942 ## - ADDED ENTRY ELEMENTS (KOHA) | |
| Source of classification or shelving scheme | |
| Koha item type | Thesis/Dissertation |
| Withdrawn status | Lost status | Source of classification or shelving scheme | Damaged status | Not for loan | Home library | Current library | Date acquired | Total Checkouts | Barcode | Date last seen | Price effective from | Koha item type | Public note |
|---|---|---|---|---|---|---|---|---|---|---|---|---|---|
| REF | REF | 10/30/2012 | 3558-Un | 10/10/2017 | 10/10/2017 | Thesis/Dissertation | Library Use only |